00409nam a22001337a 4500008004100000020001500041050002200056245008100078250001200159260003800171300001500209650002100224650003000245220225b |||||||| |||| 00| 0 eng d a1305637992 aTX360b.B66 2017  aCommunity nutrition in action ban entrepreneurial approachcBoyle, Marie A. a7th ed. aAustraliabCengage learningc2017 axvi, 797p. aNutrition policy aCommunity health services